| 000 | 00809cam a2200193 4500 | ||
|---|---|---|---|
| 001 | WB3705-01 | ||
| 008 | 000000n2001 000 0 eng u | ||
| 035 | _a(Sirsi) u110628 | ||
| 245 | _aContractors move to end retentions | ||
| 260 | _c2001 | ||
| 490 |
_aContract Journal _v407(6311) 24 January 2001, 4(1) |
||
| 520 | _aA survey has identified the system of retentions as the single most important factor currently affecting firms' profitability. In response to these findings, the specialist contractors' body, the Constructors' Liaision Group, is leading a national campaign to eliminate the system of retentions. | ||
| 590 | _aWB | ||
| 650 | _aRETENTIONS | ||
| 650 | _aCONSTRUCTORS' LIAISON GROUP | ||
| 650 | _aPROFITABILITY | ||
| 690 | _aBUILT ENVIRONMENT-BUILDING CONTRACT FORMS | ||
| 942 | _n0 | ||
| 999 |
_c65925 _d65925 |
||